[Event "Mallorca-chT Preferente"]
[Site "Mallorca"]
[Date "2021.03.20"]
[Round "3"]
[White "Martinez Vicario, Jose Maria"]
[Black "Alenyar Truyols, Bartolome"]
[Result "1-0"]
[WhiteElo "2082"]
[BlackElo "1839"]
[PlyCount "49"]
[EventDate "2021.03.06"]
[EventType "team-swiss"]
[EventRounds "7"]
[EventCountry "ESP"]
[SourceTitle "EXT 2023"]
[Source "ChessBase"]
[SourceDate "2022.10.05"]
[SourceVersion "1"]
[SourceVersionDate "2022.10.05"]
[SourceQuality "1"]
[WhiteTeam "Sa Dragonera"]
[BlackTeam "Alcudia"]
[WhiteTeamCountry "ESP"]
[BlackTeamCountry "ESP"]

1. e4 c5 2. Nc3 Nc6 3. g3 e6 4. Bg2 a6 5. d3 b5 6. Be3 Rb8 7. f4 b4 8. Nce2 Be7 9. Nf3 h5 10. h3 Nf6 11. 0-0 d5 12. e5 Nd7 13. d4 a5 14. Qd2 Ba6 15. Rf2 Nb6 16. b3 c4 17. Ng5 c3 18. Qd1 Bxg5 19. fxg5 Nd7 20. Nf4 g6 21. g4 hxg4 22. hxg4 Rh4 23. Qf3 Rh7 24. Bf1 Bxf1 25. Raxf1 1-0

[Event "Mallorca-chT Preferente"]
[Site "Mallorca"]
[Date "2021.03.13"]
[Round "2"]
[White "Castro Valero, Juan"]
[Black "Martinez Vicario, Jose Maria"]
[Result "0-1"]
[WhiteElo "1996"]
[BlackElo "2082"]
[PlyCount "80"]
[EventDate "2021.03.06"]
[EventType "team-swiss"]
[EventRounds "7"]
[EventCountry "ESP"]
[SourceTitle "EXT 2023"]
[Source "ChessBase"]
[SourceDate "2022.10.05"]
[SourceVersion "1"]
[SourceVersionDate "2022.10.05"]
[SourceQuality "1"]
[WhiteTeam "Balanguera"]
[BlackTeam "Sa Dragonera"]
[WhiteTeamCountry "ESP"]
[BlackTeamCountry "ESP"]

1. d4 f5 2. Nf3 Nf6 3. e3 g6 4. Be2 Bg7 5. 0-0 0-0 6. c4 d6 7. Nc3 c6 8. Qc2 Qc7 9. b3 e5 10. dxe5 dxe5 11. Ba3 c5 12. Bb2 e4 13. Nd2 Nc6 14. Rad1 Be6 15. Rfe1 Rad8 16. Nf1 Ne5 17. Rxd8 Rxd8 18. Rd1 Rxd1 19. Qxd1 a6 20. Qc2 h5 21. f3 exf3 22. gxf3 h4 23. e4 Nh5 24. Nd5 Qd8 25. Bc1 Bxd5 26. cxd5 f4 27. Qxc5 h3 28. Kh1 Qh4 29. Bd2 Bf8 30. Qb6 g5 31. Bc3 Nf7 32. e5 Ng7 33. Bd3 g4 34. Qg6 Ng5 35. Bd4 g3 36. hxg3 fxg3 37. Be4 g2+ 38. Kg1 gxf1R+ 39. Kxf1 h2 40. f4 Nxe4 0-1

[Event "Mallorca-ch Preferente"]
[Site "Palma"]
[Date "2017.12.03"]
[Round "2.6"]
[White "Damians Janes, Jordi"]
[Black "Martinez Vicario, Jose Maria"]
[Result "1-0"]
[WhiteElo "2093"]
[BlackElo "2134"]
[PlyCount "103"]
[EventDate "2017.12.02"]
[EventType "swiss"]
[EventRounds "6"]
[EventCountry "ESP"]
[SourceTitle "EXT 2024"]
[Source "ChessBase"]
[SourceDate "2023.10.10"]
[SourceVersion "1"]
[SourceVersionDate "2023.10.10"]
[SourceQuality "1"]

1. e4 d5 2. exd5 Nf6 3. d4 Bg4 4. f3 Bf5 5. g4 Bc8 6. c4 c6 7. Nc3 e6 8. g5 Nh5 9. dxe6 Bxe6 10. d5 Bf5 11. f4 g6 12. Be2 Bg7 13. Bxh5 gxh5 14. Qe2+ Kf8 15. Bd2 Qb6 16. Na4 Qd8 17. Bb4+ Kg8 18. Rd1 c5 19. Bc3 Bg4 20. Nf3 Bxf3 21. Qxf3 Qe8+ 22. Kf2 Qxa4 23. Rhe1 Nd7 24. Re7 Qc2+ 25. Rd2 Qf5 26. d6 Rd8 27. Rd5 Qc2+ 28. Rd2 Bd4+ 29. Kg3 Qg6 30. Bxd4 cxd4 31. Rxd4 h4+ 32. Kf2 h5 33. Qxb7 Qf5 34. Qd5 Qxd5 35. Rxd5 Nb6 36. Rd4 Nc8 37. Rc7 Kg7 38. c5 Kg6 39. Kf3 f6 40. gxf6 Kxf6 41. b4 a6 42. a4 Ke6 43. b5 axb5 44. axb5 Rhf8 45. b6 Nxb6 46. cxb6 Rxd6 47. Rxd6+ Kxd6 48. Rh7 Rf5 49. Ke4 Rb5 50. b7 Ke6 51. Rh6+ Kf7 52. Rxh5 1-0

[Event "Mallorca-ch Preferente"]
[Site "Palma"]
[Date "2017.12.02"]
[Round "1.5"]
[White "Martinez Vicario, Jose Maria"]
[Black "Ruiz Vinals, Matias"]
[Result "0-1"]
[WhiteElo "2134"]
[BlackElo "2028"]
[PlyCount "120"]
[EventDate "2017.12.02"]
[EventType "swiss"]
[EventRounds "6"]
[EventCountry "ESP"]
[SourceTitle "EXT 2024"]
[Source "ChessBase"]
[SourceDate "2023.10.10"]
[SourceVersion "1"]
[SourceVersionDate "2023.10.10"]
[SourceQuality "1"]

1. e4 c5 2. Nc3 Nc6 3. g3 g6 4. Bg2 Bg7 5. d3 Nf6 6. f4 d6 7. Nf3 0-0 8. 0-0 Rb8 9. h3 b5 10. Be3 Ne8 11. Qd2 Nd4 12. Rae1 Qa5 13. g4 b4 14. Nd5 Qd8 15. f5 Nxf3+ 16. Rxf3 e6 17. Bg5 f6 18. fxe6 Bxe6 19. Bh4 Rb7 20. Ref1 Rbf7 21. c3 bxc3 22. bxc3 Qd7 23. Qf2 Bxd5 24. exd5 f5 25. Qd2 fxg4 26. Rxf7 Rxf7 27. Rxf7 Qxf7 28. hxg4 Nf6 29. Qf4 Qe7 30. Bf2 Nd7 31. d4 Bf6 32. dxc5 Nxc5 33. Bxc5 dxc5 34. c4 Qe1+ 35. Bf1 Be5 36. Qf3 Qh4 37. Bh3 Qe1+ 38. Bf1 Qd2 39. Be2 Qh6 40. Bd3 Qc1+ 41. Kg2 Qb2+ 42. Qe2 Qxe2+ 43. Bxe2 Kg7 44. Kf3 Kf6 45. Ke4 Bd6 46. Bd1 Kg5 47. a4 h5 48. gxh5 gxh5 49. Bxh5 Kxh5 50. Kf5 Bc7 51. Ke6 Kg5 52. d6 Bb6 53. Kd5 Kf5 54. a5 Bxa5 55. Kxc5 Ke6 56. Kc6 Bd8 57. c5 a5 58. Kb5 Kd5 59. d7 Ke6 60. c6 Kd6 0-1

[Event "Mallorca-chT Preferente"]
[Site "Mallorca"]
[Date "2016.03.09"]
[Round "4.5"]
[White "Juan Bonnin, Jaime"]
[Black "Martinez Vicario, Jose Maria"]
[Result "0-1"]
[WhiteElo "1487"]
[BlackElo "2135"]
[PlyCount "56"]
[EventDate "2016.03.01"]
[EventType "team-tourn"]
[EventRounds "9"]
[EventCountry "ESP"]
[SourceTitle "EXT 2024"]
[Source "ChessBase"]
[SourceDate "2023.10.10"]
[SourceVersion "1"]
[SourceVersionDate "2023.10.10"]
[SourceQuality "1"]
[WhiteTeam "Algaida"]
[BlackTeam "Can Tiu Alaro Dragonera"]
[WhiteTeamCountry "ESP"]
[BlackTeamCountry "ESP"]

1. d4 Nf6 2. c4 e5 3. e3 exd4 4. exd4 d5 5. Nf3 Bg4 6. Nc3 Nc6 7. c5 Be7 8. Be3 0-0 9. Be2 Re8 10. 0-0 Ne4 11. a3 Bf6 12. Rc1 Qd7 13. b4 Ne7 14. Qc2 Bf5 15. Nxe4 Bxe4 16. Qd2 Nf5 17. h3 Re7 18. Ng5 Nxe3 19. Nxe4 Nxf1 20. Nxf6+ gxf6 21. Bxf1 Qf5 22. Bd3 Qg5 23. Qc2 h5 24. g3 Rae8 25. Kh2 h4 26. Rg1 Re1 27. Rg2 Rc1 28. Qa2 Ree1 0-1

[Event "Palma de Mallorca op U2200"]
[Site "Palma de Mallorca"]
[Date "2013.01.14"]
[Round "3"]
[White "Martinez Vicario, Jose Maria"]
[Black "Crespi Lopez, Juan Josep"]
[Result "0-1"]
[WhiteElo "2131"]
[BlackElo "1972"]
[PlyCount "142"]
[EventDate "2013.01.12"]
[EventType "swiss"]
[EventRounds "9"]
[EventCountry "ESP"]
[SourceTitle "EXT 2014"]
[Source "ChessBase"]
[SourceDate "2013.11.20"]
[SourceVersion "1"]
[SourceVersionDate "2013.11.20"]
[SourceQuality "1"]

1. e4 c5 2. Nc3 Nc6 3. g3 g6 4. Bg2 Bg7 5. d3 d6 6. Be3 e6 7. Qd2 Rb8 8. f4 Nge7 9. Nf3 0-0 10. 0-0 Nd4 11. Nd1 b5 12. c3 Nxf3+ 13. Bxf3 b4 14. Nf2 bxc3 15. bxc3 Qa5 16. Rac1 Qa3 17. Rc2 Bd7 18. Qe1 Qa4 19. Qd2 Qa3 20. Qe1 Qa4 21. Bd1 Qa5 22. Rc1 Qxa2 23. Bf3 Qa5 24. Qd2 Rb3 25. Ra1 Qb6 26. e5 Nf5 27. Ne4 Nxe3 28. Qxe3 dxe5 29. Qxc5 exf4 30. d4 Rxc3 31. Qxb6 axb6 32. Nxc3 Bxd4+ 33. Kg2 Bxc3 34. Ra7 Be8 35. gxf4 b5 36. Rd1 b4 37. Rb7 Ba4 38. Rc1 Rd8 39. Be4 Rd4 40. Kf3 Rxe4 41. Rb8+ Kg7 42. Kxe4 Bb2 43. Rc7 Bc3 44. Rbb7 Kh6 45. Kd3 Be8 46. Re7 Bc6 47. Rb6 Bd5 48. Rd6 f5 49. Rdd7 Kh5 50. Rxh7+ Kg4 51. Ke3 Bb2 52. Rh6 Bc1+ 53. Kd4 Kxf4 54. Rxg6 b3 55. Rg3 b2 56. Rh7 Be3+ 57. Kc3 b1Q 58. Rh4+ Ke5 59. Rxe3+ Kd6 60. Rf4 Qc1+ 61. Kd3 Be4+ 62. Ke2 Qc2+ 63. Ke1 Qxh2 64. Rf2 Qg1+ 65. Ke2 Ke5 66. Rf1 Qg4+ 67. Kd2 Kd4 68. Ra1 Qg2+ 69. Re2 Qg5+ 70. Kd1 Bf3 71. Ra4+ Kd5 0-1

[Event "Mallorca-chT Primera"]
[Site "Palma de Mallorca"]
[Date "2012.03.31"]
[Round "9.4"]
[White "Martinez Vicario, Jose Maria"]
[Black "Castell Cantero, Salvador"]
[Result "0-1"]
[WhiteElo "2117"]
[BlackElo "2123"]
[PlyCount "120"]
[EventDate "2012.01.28"]
[EventType "team"]
[EventRounds "9"]
[EventCountry "ESP"]
[SourceTitle "EXT 2014"]
[Source "ChessBase"]
[SourceDate "2013.11.20"]
[SourceVersion "1"]
[SourceVersionDate "2013.11.20"]
[SourceQuality "1"]

1. e4 c5 2. Nc3 g6 3. g3 Bg7 4. Bg2 Nc6 5. d3 e6 6. Be3 d6 7. Qd2 Rb8 8. f4 Nge7 9. Nf3 Nd4 10. 0-0 0-0 11. Rae1 b5 12. g4 d5 13. Bxd4 cxd4 14. Ne2 dxe4 15. dxe4 e5 16. f5 Nc6 17. Ng3 Qa5 18. Qf2 Re8 19. fxg6 fxg6 20. Nxd4 Nd8 21. Nc6 Qb6 22. Nxb8 Qxb8 23. h3 Qc7 24. Re3 Ne6 25. Rc3 Qe7 26. Ne2 b4 27. Rf3 Ba6 28. Rf7 Qc5 29. Re1 Bf8 30. Kh2 Bxe2 31. Rxe2 Nf4 32. Rxf4 exf4 33. Bf3 Rd8 34. Kg2 Qxf2+ 35. Kxf2 Bc5+ 36. Ke1 Bd4 37. Rd2 Kf7 38. Ke2 Ke7 39. a3 a5 40. axb4 axb4 41. b3 Ke6 42. Rd3 Ke5 43. Rd1 Rc8 44. Rd2 Rc3 45. Bg2 Re3+ 46. Kf2 Rg3+ 47. Kf1 f3 48. Bxf3 Rxf3+ 49. Kg2 Rf4 50. Kg3 Rxe4 51. h4 h6 52. h5 Re3+ 53. Kg2 gxh5 54. gxh5 Rc3 55. Kh2 Ke4 56. Re2+ Kf3 57. Rd2 Be3 58. Rg2 Bf4+ 59. Kg1 Bg3 60. Kf1 Re3 0-1

[Event "Mallorca-chT Preferente"]
[Site "Palma de Mallorca"]
[Date "2012.03.24"]
[Round "8.3"]
[White "Martinez Vicario, Jose Maria"]
[Black "Nadal Marti, Bernardo Pedro"]
[Result "1-0"]
[WhiteElo "2117"]
[BlackElo "2084"]
[PlyCount "53"]
[EventDate "2012.01.28"]
[EventType "team"]
[EventRounds "9"]
[EventCountry "ESP"]
[SourceTitle "EXT 2014"]
[Source "ChessBase"]
[SourceDate "2013.11.20"]
[SourceVersion "1"]
[SourceVersionDate "2013.11.20"]
[SourceQuality "1"]
[WhiteTeam "Sa Dragonera"]
[BlackTeam "Binissalem"]
[WhiteTeamCountry "ESP"]
[BlackTeamCountry "ESP"]

1. e4 c6 2. d4 d5 3. exd5 cxd5 4. Bd3 Nc6 5. c3 Nf6 6. Bf4 Qa5 7. Nd2 e6 8. Ngf3 Be7 9. 0-0 0-0 10. b4 Qd8 11. b5 Na5 12. Ne5 b6 13. Qf3 Bb7 14. Qh3 Rc8 15. Rfe1 Ne4 16. f3 Rxc3 17. fxe4 dxe4 18. Nxe4 Bxe4 19. Rxe4 f5 20. Rae1 Rxd3 21. Nxd3 fxe4 22. Qxe6+ Kh8 23. Rxe4 Bf6 24. Bd6 Rg8 25. Nf4 h6 26. Ng6+ Kh7 27. Qf5 1-0

[Event "Mallorca-chT Preferente"]
[Site "Palma de Mallorca"]
[Date "2012.01.28"]
[Round "1.2"]
[White "Martinez Vicario, Jose Maria"]
[Black "Galiana Moll, Ramon Aaron"]
[Result "1-0"]
[WhiteElo "2117"]
[BlackElo "1962"]
[PlyCount "33"]
[EventDate "2012.01.28"]
[EventType "team"]
[EventRounds "9"]
[EventCountry "ESP"]
[SourceTitle "EXT 2014"]
[Source "ChessBase"]
[SourceDate "2013.11.20"]
[SourceVersion "1"]
[SourceVersionDate "2013.11.20"]
[SourceQuality "1"]
[WhiteTeam "Sa Dragonera"]
[BlackTeam "Son Dameto"]
[WhiteTeamCountry "ESP"]
[BlackTeamCountry "ESP"]

1. e4 e6 2. Nc3 d5 3. f4 dxe4 4. Nxe4 Bd7 5. Nf3 Nf6 6. Nxf6+ Qxf6 7. d4 Bd6 8. Bd3 Bxf4 9. 0-0 Qh6 10. Bxf4 Qxf4 11. Kh1 Qg4 12. Qd2 Nc6 13. d5 exd5 14. Ng5 Be6 15. Rae1 0-0-0 16. Nxf7 Rhf8 17. Rxe6 1-0

[Event "Mallorca-chA"]
[Site "Palma de Mallorca"]
[Date "2011.12.10"]
[Round "7"]
[White "Massanet Massanet, Sebastian"]
[Black "Martinez Vicario, Jose Maria"]
[Result "1-0"]
[WhiteElo "2222"]
[BlackElo "2109"]
[PlyCount "97"]
[EventDate "2011.10.29"]
[EventType "swiss"]
[EventRounds "8"]
[EventCountry "ESP"]
[SourceTitle "EXT 2014"]
[Source "ChessBase"]
[SourceDate "2013.11.20"]
[SourceVersion "1"]
[SourceVersionDate "2013.11.20"]
[SourceQuality "1"]

1. e4 d5 2. exd5 Nf6 3. Bb5+ Bd7 4. Bc4 Bg4 5. f3 Bf5 6. Nc3 Nbd7 7. d4 Nb6 8. Bb5+ Bd7 9. Bxd7+ Qxd7 10. Nge2 Nbxd5 11. 0-0 e6 12. Ne4 Be7 13. c4 Nb6 14. Qc2 0-0 15. Be3 c6 16. a4 Rad8 17. Rad1 Rfe8 18. Nf4 Qc8 19. Nd3 Nbd7 20. b4 b6 21. b5 Bf8 22. Rd2 a6 23. bxa6 Qxa6 24. Bf4 Nxe4 25. fxe4 Qa5 26. Rdf2 f6 27. Bd2 Qh5 28. Nf4 Qf7 29. Nd3 e5 30. d5 Nc5 31. Nb4 cxd5 32. Nxd5 Ne6 33. Be3 Nd4 34. Bxd4 exd4 35. Qd3 Bc5 36. Rf5 Qe6 37. R1f4 Kh8 38. Rh4 Rd7 39. Nf4 Kg8 40. Nxe6 Rxe6 41. Rd5 Rde7 42. a5 g5 43. axb6 Bxb6 44. c5 Bc7 45. Rh3 Rxe4 46. Rxd4 Re1+ 47. Kf2 Ra1 48. Re3 Ra2+ 49. Kf3 1-0

[Event "Mallorca-chA"]
[Site "Palma de Mallorca"]
[Date "2011.11.06"]
[Round "3"]
[White "Sabater Moner, Guillermo"]
[Black "Martinez Vicario, Jose Maria"]
[Result "0-1"]
[WhiteElo "2151"]
[BlackElo "2109"]
[PlyCount "64"]
[EventDate "2011.10.29"]
[EventType "swiss"]
[EventRounds "8"]
[EventCountry "ESP"]
[SourceTitle "EXT 2014"]
[Source "ChessBase"]
[SourceDate "2013.11.20"]
[SourceVersion "1"]
[SourceVersionDate "2013.11.20"]
[SourceQuality "1"]

1. c4 f5 2. d4 Nf6 3. g3 g6 4. Bg2 Bg7 5. Nc3 0-0 6. Nh3 d6 7. 0-0 Nc6 8. d5 Ne5 9. b3 a6 10. Bb2 h6 11. Nf4 g5 12. Ne6 Bxe6 13. dxe6 c6 14. Qc2 Qe8 15. f3 Nh5 16. e4 f4 17. g4 Nf6 18. Ne2 h5 19. Bxe5 dxe5 20. h3 Qc8 21. Nc3 Qxe6 22. c5 Kf7 23. Rf2 hxg4 24. hxg4 Kg6 25. Bf1 Rad8 26. Bc4 Qc8 27. Nd5 cxd5 28. exd5+ e4 29. fxe4 Nxg4 30. e5+ Rf5 31. Bd3 Nxf2 32. Kxf2 Rxd5 0-1

[Event "Mallorca-chA"]
[Site "Palma de Mallorca"]
[Date "2011.11.05"]
[Round "2"]
[White "Martinez Vicario, Jose Maria"]
[Black "Gelabert Mari, Llorenc"]
[Result "1-0"]
[WhiteElo "2109"]
[BlackElo "2168"]
[PlyCount "69"]
[EventDate "2011.10.29"]
[EventType "swiss"]
[EventRounds "8"]
[EventCountry "ESP"]
[SourceTitle "EXT 2014"]
[Source "ChessBase"]
[SourceDate "2013.11.20"]
[SourceVersion "1"]
[SourceVersionDate "2013.11.20"]
[SourceQuality "1"]

1. f4 d5 2. Nf3 Nf6 3. g3 c5 4. Bg2 Nc6 5. 0-0 e6 6. b3 Bd6 7. Bb2 0-0 8. Na3 Qe7 9. c4 d4 10. e3 dxe3 11. dxe3 Rd8 12. Qe2 e5 13. Rfe1 a6 14. h3 h5 15. Nh4 Bd7 16. Rad1 Bc7 17. Nb1 Re8 18. Qf2 Rad8 19. Nc3 e4 20. a3 Na5 21. Nd5 Nxd5 22. Rxd5 g6 23. Qc2 Bc6 24. Qc3 f6 25. Nxg6 Qf7 26. Rxd8 Bxd8 27. Nh4 Kh7 28. Rd1 b6 29. Rd6 Be7 30. Rxc6 Nxc6 31. Bxe4+ f5 32. Bxf5+ Kh6 33. Bg6 Qg8 34. Bxe8 Bxh4 35. Qh8+ 1-0

[Event "Calvia Amateur op 8th"]
[Site "Calvia"]
[Date "2011.10.15"]
[Round "8"]
[White "Martinez Vicario, Jose Maria"]
[Black "Navarrete Terrasa, Sebastian"]
[Result "1-0"]
[WhiteElo "2109"]
[BlackElo "2002"]
[PlyCount "85"]
[EventDate "2011.10.08"]
[EventType "swiss"]
[EventRounds "9"]
[EventCountry "ESP"]
[SourceTitle "CBM 144 Extra"]
[Source "ChessBase"]
[SourceDate "2011.10.28"]
[SourceVersion "1"]
[SourceVersionDate "2011.10.28"]
[SourceQuality "1"]

1. e4 c5 2. Nc3 Nc6 3. g3 g6 4. Bg2 Bg7 5. d3 d6 6. Be3 Rb8 7. Qd2 b5 8. f4 b4 9. Nd1 e6 10. Nf3 Nge7 11. 0-0 Nd4 12. c3 bxc3 13. bxc3 Nxf3+ 14. Bxf3 Qa5 15. h4 f5 16. h5 d5 17. Qf2 Ba6 18. exd5 Bxd3 19. Re1 exd5 20. Bxc5 Be4 21. Bxa7 Rc8 22. Bxe4 fxe4 23. Bd4 Bxd4 24. Qxd4 Kf7 25. Rb1 gxh5 26. Qe5 Rhg8 27. Qxh5+ Kf8 28. g4 Qxa2 29. Rb2 Qa7+ 30. Kh1 Qd7 31. f5 d4 32. cxd4 Qxd4 33. Rbe2 e3 34. Nxe3 Rc6 35. Ng2 Rg7 36. g5 Qd5 37. Re5 Qf7 38. Qxf7+ Rxf7 39. f6 h6 40. fxe7+ Ke8 41. Nh4 hxg5 42. Nf5 Rh7+ 43. Kg1 1-0

[Event "Calvia Amateur op 8th"]
[Site "Calvia"]
[Date "2011.10.13"]
[Round "6"]
[White "Porfireanu, Serban"]
[Black "Martinez Vicario, Jose Maria"]
[Result "0-1"]
[WhiteElo "1954"]
[BlackElo "2109"]
[PlyCount "76"]
[EventDate "2011.10.08"]
[EventType "swiss"]
[EventRounds "9"]
[EventCountry "ESP"]
[SourceTitle "CBM 144 Extra"]
[Source "ChessBase"]
[SourceDate "2011.10.28"]
[SourceVersion "1"]
[SourceVersionDate "2011.10.28"]
[SourceQuality "1"]

1. Nf3 f5 2. d4 Nf6 3. g3 g6 4. Bg2 Bg7 5. 0-0 0-0 6. c4 d6 7. Nc3 c6 8. Qc2 Qc7 9. Bf4 Nh5 10. Bd2 e5 11. dxe5 dxe5 12. e4 f4 13. c5 Bg4 14. Ng5 Qe7 15. h4 h6 16. Qb3+ Kh8 17. Bh3 hxg5 18. Bxg4 gxh4 19. gxf4 Nxf4 20. Bxf4 Rxf4 21. f3 Na6 22. Ne2 Rf7 23. Kg2 Raf8 24. Rh1 Nxc5 25. Qe3 Kg8 26. Rad1 Bf6 27. b4 Ne6 28. Qb3 Re8 29. Rd2 Kg7 30. b5 Nd4 31. Nxd4 exd4 32. bxc6 bxc6 33. Kh3 Qe5 34. Rg1 Rb8 35. Qd3 Bg5 36. Rdg2 Be3 37. Rf1 Rb2 38. Rfg1 Bxg1 0-1

[Event "Calvia Amateur op 8th"]
[Site "Calvia"]
[Date "2011.10.09"]
[Round "2"]
[White "Perez Lopez, Jesus Maria"]
[Black "Martinez Vicario, Jose Maria"]
[Result "1-0"]
[WhiteElo "2280"]
[BlackElo "2109"]
[PlyCount "65"]
[EventDate "2011.10.08"]
[EventType "swiss"]
[EventRounds "9"]
[EventCountry "ESP"]
[SourceTitle "CBM 144 Extra"]
[Source "ChessBase"]
[SourceDate "2011.10.28"]
[SourceVersion "1"]
[SourceVersionDate "2011.10.28"]
[SourceQuality "1"]

1. Nf3 f5 2. c4 Nf6 3. Nc3 g6 4. d4 Bg7 5. b4 0-0 6. Qb3 h6 7. g3 d6 8. Bg2 Qe8 9. Bb2 a5 10. a3 axb4 11. axb4 Rxa1+ 12. Bxa1 e5 13. dxe5 dxe5 14. 0-0 Nc6 15. Nd5 Nxd5 16. cxd5 Qf7 17. Rb1 Nd4 18. Nxd4 exd4 19. Qc4 b5 20. Qc5 d3 21. Bxg7 Qxg7 22. exd3 f4 23. Rc1 fxg3 24. hxg3 Qb2 25. Rf1 Bf5 26. Be4 Qe2 27. Qe3 Qh5 28. Bf3 Qh3 29. Rc1 Bd7 30. Rxc7 Re8 31. Be4 g5 32. Qb6 Bf5 33. Qf6 1-0

[Event "Calvia Amateur op 5th"]
[Site "Calvia"]
[Date "2008.10.17"]
[Round "8"]
[White "Martinez Vicario, Jose Maria"]
[Black "Eriksson, Bo HT"]
[Result "0-1"]
[WhiteElo "2214"]
[BlackElo "2115"]
[PlyCount "73"]
[EventDate "2008.10.10"]
[EventType "swiss"]
[EventRounds "9"]
[EventCountry "ESP"]
[SourceTitle "CBM 126 Extra"]
[Source "ChessBase"]
[SourceDate "2008.11.05"]
[SourceVersion "1"]
[SourceVersionDate "2008.11.05"]
[SourceQuality "1"]

1. e4 c5 2. Nc3 Nc6 3. g3 g6 4. Bg2 Bg7 5. d3 e6 6. Be3 Nd4 7. Qd2 Ne7 8. Nd1 e5 9. c3 Ne6 10. Nh3 d5 11. Ng5 Nxg5 12. Bxg5 dxe4 13. Bxe4 f6 14. Be3 Qc7 15. f4 Bf5 16. Nf2 0-0 17. fxe5 fxe5 18. 0-0-0 Be6 19. h4 Nf5 20. g4 Nxe3 21. Qxe3 Qf7 22. Rd2 Qf4 23. Qxc5 Bxg4 24. Nxg4 Qxg4 25. Bxb7 Rad8 26. Kc2 Qa4+ 27. Kb1 Rf4 28. h5 gxh5 29. Bc6 Qa6 30. Rxh5 Rf1+ 31. Kc2 Qxa2 32. Bb5 Qb1+ 33. Kb3 Rb8 34. Qd5+ Rf7 35. Qc4 a6 36. Qe6 Rxb5+ 37. Kc4 0-1

[Event "Calvia Amateur op 4th"]
[Site "Calvia"]
[Date "2007.10.12"]
[Round "7"]
[White "Martinez Vicario, Jose Maria"]
[Black "Cruz Alvarez de Ron, Dan"]
[Result "0-1"]
[WhiteElo "2151"]
[BlackElo "2231"]
[PlyCount "116"]
[EventDate "2007.10.06"]
[EventType "swiss"]
[EventRounds "9"]
[EventCountry "ESP"]
[SourceTitle "CBM 120 Extra"]
[Source "ChessBase"]
[SourceDate "2007.11.01"]
[SourceVersion "1"]
[SourceVersionDate "2007.11.01"]
[SourceQuality "1"]

1. e4 g6 2. d4 Bg7 3. Nf3 d6 4. Nc3 Nd7 5. Be2 a6 6. Bg5 b5 7. Qd3 Bb7 8. a3 c5 9. d5 Ngf6 10. 0-0 h6 11. Bf4 g5 12. Bg3 c4 13. Qe3 Qb6 14. Qxb6 Nxb6 15. Nd2 Nfd7 16. Rae1 Nc5 17. f4 0-0 18. Bf3 Rad8 19. h4 Bd4+ 20. Kh2 Kg7 21. Bd1 e6 22. Nf3 Bxc3 23. bxc3 exd5 24. e5 Ne4 25. fxg5 Nxg3 26. gxh6+ Kxh6 27. Kxg3 dxe5 28. Rxe5 f6 29. Re7 Rd7 30. Rfe1 Rf7 31. Rxf7 Rxf7 32. Kf4 d4 33. cxd4 Nd5+ 34. Kg3 Nc3 35. Kf2 Rg7 36. Be2 Rg4 37. Bf1 Be4 38. Ke3 Nd5+ 39. Kd2 Bxf3 40. gxf3 Rxd4+ 41. Kc1 Rxh4 42. Rd1 Nc3 43. Rd6 Rh1 44. Rxf6+ Kg5 45. Rxa6 Rxf1+ 46. Kd2 Rxf3 47. Rb6 Rh3 48. Rb8 Kf5 49. Kc1 Ke5 50. Kb2 Kd6 51. Rg8 Na4+ 52. Ka2 Rc3 53. Rg2 Kc5 54. Rh2 Kb6 55. Rg2 Ka5 56. Rh2 Rg3 57. Rf2 Nc3+ 58. Ka1 Rg1+ 0-1

[Event "Calvia op"]
[Site "Calvia"]
[Date "2006.10.13"]
[Round "3.15"]
[White "Diogo, Vasco Andre Marcalo"]
[Black "Martinez Vicario, Jose Maria"]
[Result "1-0"]
[WhiteElo "2220"]
[BlackElo "2051"]
[PlyCount "39"]
[EventDate "2006.10.11"]
[EventType "swiss"]
[EventRounds "9"]
[EventCountry "ESP"]
[SourceTitle "EXT 2007"]
[Source "ChessBase"]
[SourceDate "2006.11.23"]
[SourceVersion "1"]
[SourceVersionDate "2006.11.23"]
[SourceQuality "1"]

1. e4 e5 2. Nf3 Nc6 3. Bc4 Bc5 4. d3 d6 5. 0-0 Nge7 6. Ng5 d5 7. exd5 Na5 8. Nc3 Nxc4 9. dxc4 Ng6 10. Qh5 Be7 11. f4 Bxg5 12. fxg5 Qe7 13. Ne4 Qb4 14. b3 Bd7 15. Be3 b6 16. Rf2 0-0-0 17. c3 Qa3 18. g3 a5 19. c5 Ne7 20. Bc1 1-0